Текст томруулах:    
Taming the abrasive manager (Бичлэгийн дугаар. 145562)
000 -УДИРДЛАГА
Удирдлага 01596 a2200421 4500
003 - ХЯНАЛТЫН ТОО ТОДОРХОЙЛОГЧ
Код MN-UlNUM
005 - БИЧИЛТ ХИЙСЭН ОГНОО
Тухайн бичилтийг бичсэн засварласан сүүлийн огноо 20251113171459.0
008 - ЕРӨНХИЙ МЭДЭЭЛЭЛ
Ерөнхий мэдээлэл 110605s2007 cau b 001 0 eng
020 ## - ISBN
ISBN 9780787988371
040 ## - БИЧЛЭГ ҮҮСГЭГЧ БАЙГУУЛЛАГА
Бичлэг үүсгэгч номын сангийн код МУИС-ийн номын сан
084 ## - ББК АНГИЛАЛ
ББК ангилал 65.290-2
Зохиогчийн гурван тэмдэгт C 87
Нэмэлт тусгалт Нэг сэдэвт бүтээл
Мэдлэгийн ялгаа 65 - Эдийн засаг
100 1# - ЗОХИОГЧ
Зохиогчийн нэр Crawshaw, Laura
Зохиогчийн огноо 1953-
245 10 - ҮНДСЭН ГАРЧИГ
Номын нэр Taming the abrasive manager
Бага гарчгийн мэдээ how to end unnecessary roughness in the workplace
Оролцогчдын тухай мэдээ Laura Crawshaw
250 ## - ДАХИН ХЭВЛЭЛТ
Дахин гаралтын дугаар 1st ed.
260 ## - ГАРАЛТЫН МЭДЭЭ
Хэвлэгдсэн газар San Francisco
Хэвлэгдсэн он Jossey-Bass
Хэвлэлийн газар [2007?]
300 ## - МАТЕРИАЛЫН ТОДОРХОЙЛОЛТ
хуудасны тоо xiv, 216 p. ;
Хэмжээ 24 cm
500 ## - Тайлбар
Дансны дугаар БС 5840, 5853
546 ## - ХЭЛНИЙ ТУХАЙ МЭДЭЭ
Хэл Англи хэл дээр,
653 ## - Түлхүүр үг
Түлхүүр үг managing your boss
653 ## - Түлхүүр үг
Түлхүүр үг organizational behavior
653 ## - Түлхүүр үг
Түлхүүр үг interpersonal relations
740 ## - НОМЫН ГАРЧИГ
Гарчиг Abrasive bosses and the working wounded
740 ## - НОМЫН ГАРЧИГ
Гарчиг Boss whispering
740 ## - НОМЫН ГАРЧИГ
Гарчиг Abrasive boss behavior : what they do
740 ## - НОМЫН ГАРЧИГ
Гарчиг Bears, bosses, and business : survival through dominance
740 ## - НОМЫН ГАРЧИГ
Гарчиг On the origins of abrasion : why they do it
740 ## - НОМЫН ГАРЧИГ
Гарчиг Blinder than bats : why they don't see
740 ## - НОМЫН ГАРЧИГ
Гарчиг Why we don't take bulls (or bosses) by the horns
740 ## - НОМЫН ГАРЧИГ
Гарчиг Can bosses change their (blind) spots?
740 ## - НОМЫН ГАРЧИГ
Гарчиг Blinders off : how management can make them see
740 ## - НОМЫН ГАРЧИГ
Гарчиг Limits on : how management can make them care
740 ## - НОМЫН ГАРЧИГ
Гарчиг Risky business : taming the boss you work for or with
740 ## - НОМЫН ГАРЧИГ
Гарчиг The choice to change : will the horse drink?
740 ## - НОМЫН ГАРЧИГ
Гарчиг Ending unnecessary roughness : preventing workplace abrasion
942 ## - ЭЛЕМЕНТИЙН ТӨРӨЛ
Зүйлийн төрөл Ном